<?xml version="1.0" encoding="UTF-8"?>
<collection xmlns="http://www.loc.gov/MARC21/slim">
 <record>
  <leader>00454pamaa2200133   4500</leader>
  <controlfield tag="001">0000034219</controlfield>
  <controlfield tag="005">20081118090000.0</controlfield>
  <datafield tag="020" ind1="0" ind2="0">
   <subfield code="a">[Nil] </subfield>
  </datafield>
  <datafield tag="090" ind1="0" ind2="0">
   <subfield code="a">LB1028.3 </subfield>
   <subfield code="b">INT 2001</subfield>
  </datafield>
  <datafield tag="245" ind1="1" ind2="0">
   <subfield code="a">INTI conference on e-education implementation and management on 29 October 2001 : </subfield>
   <subfield code="b">1-3  </subfield>
   <subfield code="c">INTI College Malaysia [</subfield>
   <subfield code="m">CD-ROM].</subfield>
  </datafield>
  <datafield tag="260" ind1="0" ind2="0">
   <subfield code="a">Kuala Lumpur: </subfield>
   <subfield code="b">Visualthree, </subfield>
   <subfield code="c">2001.</subfield>
  </datafield>
  <datafield tag="300" ind1=" " ind2=" ">
   <subfield code="a">CD-ROM (1of 3, 2 of 3 and 3 of 3); </subfield>
   <subfield code="c">4.5 inch.</subfield>
  </datafield>
  <datafield tag="650" ind1="0" ind2="0">
   <subfield code="a">e-Education -- </subfield>
   <subfield code="x">Conference </subfield>
  </datafield>
 </record>
</collection>
